Регионална библиотека "Любен Каравелов" - Русе

Записки върху Записките (Запис номер 490729)

MARC детайли
000 -Лидер
Лидер 01526nam a22003137a 4500
003 - Код на организацията, давaща контролен номер
Код на организацията, даваща контролен номер BLK
005 - Дата и час на последна редакция
Дата и час на последна редакция 20240623004119.0
008 - Елементи от данни с фиксирана дължина
Елементи с фиксирана дължина 210301b bu ||||| |||| 00| 0 bu d
020 ## - Международен стандартен номер на книга ISBN
ISBN 9789540916828
040 ## - Източник на каталожния запис
Код на библиотеката BLK
041 ## - Код за език
Език Български
Език за КДБФ Български
080 ## - УДК
УДК текст Българска литература(изследвания)
УДК код 821.163.2.09
УДК – определител (092)
УДК – код + определител 821.163.2.09(092)
080 ## - УДК
УДК текст Джендо Стоянов Джедев Далакчиев. Български революционер, политик и писател
УДК код 929 Стоянов, Захарий
УДК – код + определител 929 Стоянов, Захари
100 ## - Редна дума - Автор
R(LIN) 252323
Автор Котев, Любомир Стойне
245 ## - Сведения за заглавието
Заглавие Записки върху Записките
Подзаглавни данни Кн. 1 -
Авторска отговорност Любомир Котев
Том Кн. 3.
Заглавие на том Затвори или българщината
257 ## - Страна на издаване
Страна на създаване/издаване България
260 ## - Област на издателските данни
9 (RLIN) 209473
Място на издаване София
Име на издателя Захарий Стоянов
Година на издаване 2023
Издателство - префикс ISBN 978-954-739- ; 978-954-09- ; 954-9559-
300 ## - Физическа характеристика
Брой страници 487 с.
Размер 21 см
380 ## - Жанр
Жанр Литературознание
600 #0 - Име на лице, използвано като предмет
За него / За нея Стоянов, Захарий
Друга информация Стоянов, Захари
Свързани дати 1850-1889
Пълна форма на името Джедев, Джендо Стоянов
9 (RLIN) 364101
650 #0 - Допълнително описание по предмет – тема
9 (RLIN) 262282
Предметна рубрика Литературознание, българско
650 #0 - Допълнително описание по предмет – тема
Предметна рубрика Писатели, български
9 (RLIN) 241944
852 ## - Местоположение
Сигнатура (форматна) Цб 321157
Отдел Хранилище
856 ## - Електронен адрес и достъп
Инструкция (цена за достъп) 0.00
Права за достъп disable
942 ## - АРТИКУЛИ
Вид на библиотечния документ Книги
Скрит в OPAC Не
Периодичен библиозапис Да
944 ## - СЪЗДАВАНЕ И РЕДАКЦИЯ на ЗАПИСА
Създаване/Редакция Създаване
Дата на регистрацията/редакция 2023-05-02
Номер на служител CRON CRON
Служител, извършил регистрацията/редакцията
944 ## - СЪЗДАВАНЕ И РЕДАКЦИЯ на ЗАПИСА
Създаване/Редакция Редакция
Дата на регистрацията/редакция 2023-07-26
Служител, извършил регистрацията/редакцията ГГГ
999 ## - СИСТЕМНИ КОНТРОЛНИ НОМЕРА
Koha biblionumber 490729
Koha biblioitemnumber 490729
Наличности
Код за отписване Код за изгубен артикул Източник на класификационната схема Код за повреда Коз за рестрикции Код за отдаване Артикулен № Име на библиотеката - собственик Име на библиотеката, в която се намира в момента Статус (Текущо местоположение) Дата на вписване в системата Местоположение - отдел Цена в лева Инвентарен номер Систематично азбучна сигнатура Баркод Цена в евро Служебен тип на артикула
  Не е изгубен Universal Decimal Classification Не е повреден без рестрикции заемане за дома 927638 Регионална библиотека "Любен Каравелов" Русе Регионална библиотека "Любен Каравелов" Русе Заемна - подръчен фонд 2023-05-02 Заемна - подръчен фонд 17.49 120000886781 821.163.2.09(092/С 83-З 120000886781 8.94 Книги
  Не е изгубен Universal Decimal Classification Не е повреден без рестрикции заемане за дома 927639 Регионална библиотека "Любен Каравелов" Русе Регионална библиотека "Любен Каравелов" Русе Заемна - подръчен фонд 2023-05-02 Заемна - подръчен фонд 17.49 120000886780 821.163.2.09(092/С 83-З 120000886780 8.94 Книги
  Не е изгубен Universal Decimal Classification Не е повреден само за читалня ползва се в читалня 938678 Регионална библиотека "Любен Каравелов" Русе Регионална библиотека "Любен Каравелов" Русе Хранилище 2024-01-12 Хранилище 25.00 120000897709 Цб 321157 120000897709 12.78 Книги
Vip Innovations Ltd, Rousse, Bulgaria 2025